La función del estado en la economía frente a la política económica exterior y la política fiscal (Registro nro. 25374)

Detalles MARC
000 -LEADER
fixed length control field 00383 a2200109 4500
001 - CONTROL NUMBER
control field ART_11178
005 - DATE AND TIME OF LATEST TRANSACTION
control field 20260410161855.0
008 - FIXED-LENGTH DATA ELEMENTS--GENERAL INFORMATION
fixed length control field 260409a
100 1# - MAIN ENTRY--PERSONAL NAME
Personal name Alemann, Roberto T.
245 10 - TITLE STATEMENT
Title La función del estado en la economía frente a la política económica exterior y la política fiscal
773 0# - HOST ITEM ENTRY
Title Revista de Economía
Related parts - Nº 36 (mar. 1983)
Record control number REV11077

No hay ítems disponibles.